ბათუმის შოთა რუსთაველის სახელმწიფო უნივერსიტეტის ბიბლიოთეკა

რომანი და ისტორია (ბიბ.ჩანაწერი № 48619)

000 -LEADER
fixed length control field 00842nam a2200217Ia 4500
001 - CONTROL NUMBER
control field 15519
003 - CONTROL NUMBER IDENTIFIER
control field GE_BSU
008 - FIXED-LENGTH DATA ELEMENTS--GENERAL INFORMATION
fixed length control field 181216s||||||||xx |||||||||||||| ||und||
040 ## - CATALOGING SOURCE
Transcribing agency GE_BSU
080 ## - UNIVERSAL DECIMAL CLASSIFICATION NUMBER
Universal Decimal Classification number 821.353.1(092 ბარნოვი ვასილ)
100 ## - MAIN ENTRY--PERSONAL NAME
Personal name ჩხეიძე,ოთარ
245 ## - TITLE STATEMENT
Title რომანი და ისტორია
245 ## - TITLE STATEMENT
Remainder of title ვასილ ბარნოვის ცხოვრება და შემოქმედება
260 ## - PUBLICATION, DISTRIBUTION, ETC.
Place of publication, distribution, etc. თბილისი
260 ## - PUBLICATION, DISTRIBUTION, ETC.
Name of publisher, distributor, etc. საბჭოთა საქართველო
260 ## - PUBLICATION, DISTRIBUTION, ETC.
Date of publication, distribution, etc. 1976
300 ## - PHYSICAL DESCRIPTION
Extent 303გვ.22სმ.
653 ## - INDEX TERM--UNCONTROLLED
Uncontrolled term ვასილ ბარნოვის ცხოვრება და შემოქმედება
653 ## - INDEX TERM--UNCONTROLLED
Uncontrolled term რომანი და ისტორია
942 ## - ADDED ENTRY ELEMENTS (KOHA)
Koha item type წიგნი
ეგზემპლარები
Withdrawn status Lost status Damaged status Not for loan Date acquired Barcode Date last seen Price effective from Koha item type
        2018-12-17 38492 2018-12-17 2018-12-17 წიგნი
        2018-12-17 38493 2018-12-17 2018-12-17 წიგნი
        2018-12-17 38494 2018-12-17 2018-12-17 წიგნი
        2018-12-17 38495 2018-12-17 2018-12-17 წიგნი